| Поле | Инд. | ПП | Название | Значение |
|---|---|---|---|---|
| Тип записи | a | |||
| Библиографический уровень | m | |||
| 001 | Контрольный номер | a6b02048fd404abd86cdd88557baa395 | ||
| 005 | Дата корректировки | 20200915110519.8 | ||
| 020 | a | ISBN | 978-5-98686-098-5 | |
| 040 | a | Служба первич. каталог. | НБ ТвГУ | |
| b | Код языка каталог. | rus | ||
| e | Правила каталог. | PSBO | ||
| 041 | 0_ | a | Код языка текста | rus |
| h | Код языка оригинала | rus | ||
| 080 | a | Индекс УДК | 39(=511.112) | |
| 084 | a | Индекс другой классификации/Индекс ББК | Т3(2Рос.Кар)6-38 | |
| 084 | a | Индекс другой классификации/Индекс ББК | Т521(=661) | |
| 090 | x | Авторский знак | С 32 | |
| a | Полочн. индекс | Т3(2Рос.Кар) | ||
| 097 | b | Оператор | Khokhlova.SV | |
| 245 | 10 | a | Заглавие | Сердцем принять Русский Север |
| c | Ответственность | Общество татарской культуры "Чулпан" ; руководитель проекта Ф. Фадеева, редакционная группа: В. Н. Бирин [и др.] | ||
| b | Продолж. заглавия | азербайджанцы, армяне, грузины, евреи, марийцы, поляки, татары, украинцы, эстонцы | ||
| 260 | c | Дата издания | 2018 | |
| a | Место издания | Петрозаводск | ||
| b | Издательство | Острова | ||
| 300 | a | Объем | 107 с. | |
| b | Иллюстрации/ тип воспроизводства | ил., портр. | ||
| 520 | 0_ | a | Аннотация | Перед вами сборник, посвящённый народам Карелии, выполненный в рамках проекта «Принять сердцем Русский Север», предложенного и осуществлённого Карельской региональной общественной организацией «Общество татарской культуры «Чулпан» и поддержанного Министерством национальной и региональной политики Республики Карелия. Сборник подготовлен с целью содействия в распространении позитивной информации о многогранной культуре и положительном опыте межкультурного взаимодействия народов, проживающих в Республике Карелия, и направлен на укрепление исторически сложившегося на территории республики благоприятного климата межнациональных отношений и формирование её позитивного имиджа в глазах населения Российской Федерации. В сборнике рассказывается о 9 этнических общностях — национальных меньшинствах, большинство представителей которых приехали в Карелию в послевоенное время, а также в постсоветский период. Приехав в Карелию по различным причинам, они искренне полюбили этот суровый край, приняли его всем сердцем. У многих из них здесь родились и выросли дети и внуки, для которых Карелия является единственной родиной. |
| 653 | 0_ | a | Ключевые слова | Карелия |
| a | Ключевые слова | Республика Карелия | ||
| a | Ключевые слова | История Карелии | ||
| a | Ключевые слова | Народы Карелии | ||
| a | Ключевые слова | Этнография народов Карелии | ||
| a | Ключевые слова | Этнические общности Карелии | ||
| a | Ключевые слова | Национальная политика Карелии | ||
| a | Ключевые слова | Национально-культурные объединения Карелии | ||
| a | Ключевые слова | Культура этнических общностей Карелии | ||
| a | Ключевые слова | Национальный костюм | ||
| a | Ключевые слова | Костюмы народов | ||
| a | Ключевые слова | Национальная кухня | ||
| a | Ключевые слова | Национальные общественные организации Карелии | ||
| a | Ключевые слова | Общественные организации Карелии | ||
| a | Ключевые слова | Марийцы | ||
| a | Ключевые слова | Эстонцы | ||
| a | Ключевые слова | Карельская коллекция | ||
| 700 | 12 | a | Другие авторы | Фадеева Ф. |
| e | Роль лиц | Прочие | ||
| 700 | 12 | a | Другие авторы | Бирин В. Н. |
| e | Роль лиц | Редактор | ||
| 710 | 12 | a | Организация/ юрисдикция | Общество татарской культуры "Чулпан" |
| 901 | t | Тип документа | m | |
| 920 | a | Оператор | Хохл | |
| a | Оператор | МПоля | ||
| a | Оператор | Суха | ||
| a | Оператор | Стро | ||
| a | Оператор | Семен | ||
| 930 | a | Новая/Ретро | новая | |
| 952 | c | Вид литературы | К рн | |
| 954 | b | Дата поступления в ОК | 20200805 | |
| a | Дата поступления на обработку | 20200810 | ||
| c | Дата окончания ОНО | 20200819 |